| 000 | 00651nam a2200217Ii 4500 | ||
|---|---|---|---|
| 001 | 14373 | ||
| 003 | CO-ViMGA | ||
| 008 | 241108s9999||||xx |||||||||||||| ||und|| | ||
| 020 | _a9587000315 | ||
| 040 |
_aCO-ViMGA _bspa _erda _cCO-ViMGA |
||
| 041 | 0 | _aspa | |
| 082 | 0 | 4 | _aR 927.84 M17je |
| 100 | 1 |
_aDiva. Jessurum _946129 |
|
| 245 | 1 | 0 |
_aMarbelle : _bla vida no es un collar de perlas |
| 264 | 1 | _aBogotá, Colombia : Intermedio : CĂrculo de Lectores, 2007 | |
| 300 | _avolumen | ||
| 336 |
_atext _btxt _2rdacontent |
||
| 337 |
_aunmediated _bn _2rdamedia |
||
| 338 |
_avolume _bnc _2rdacarrier |
||
| 940 | _aidficha_siabuc: 14069. -- ficha_no_siabuc:14373 | ||
| 999 |
_c40683 _d40683 |
||